000
00292nam a22001217a 4500
020
_a
0596007248
082
_2
22
_a
005.8
100
_a
Ristic, Ivan.
245
_a
Apache security /
260
_a
Calfornia,
_b
O'Reilly Media,
_c
c2005.
300
_a
xxii, 369p. ;
_b
ill. ;
_c
23 cm.
942
_2
ddc
_c
IT
999
_c
2451
_d
2451